Gregor the Overlander Characters Quiz - Statistics

General Stats
  • This quiz has been taken 42 times
  • The average score is 15 of 18
Answer Stats
Hint Answer % Correct
Ripred Gnawer
97%
Gregor Overlander
93%
Luxa Underlander
93%
Ares Flier
90%
Bane Gnawer
90%
Aurora Flier
87%
Gox Spinner
87%
Hamnet Underlander
87%
Vikus Underlander
87%
King Gorger Gnawer
83%
Boots Overlander
83%
Temp Crawler
80%
Lapblood Gnawer
80%
Cartesian Nibbler
80%
Mrs. Cormaci Overlander
73%
Hazard Underlander
73%
Henry Underlander
73%
Frill Hisser
53%
No matching quizzes found
Score Distribution
Percent of People with Each Score
Percentile by Number Answered
Your Score History
You have not taken this quiz